| Tag |
First Indicator |
Second Indicator |
Subfields |
| LEADER |
00000cam a2200000Ia 4500 |
| 001 |
in00003500321 |
| 006 |
m o d |
| 007 |
cr cn||||||||| |
| 008 |
030616s2003 njua ob 001 0 eng d |
| 005 |
20260422203044.1 |
| 019 |
|
|
|a 193862413
|a 232304257
|a 320972110
|
| 020 |
|
|
|a 1592592783
|q (electronic bk.)
|
| 020 |
|
|
|a 9781592592784
|q (electronic bk.)
|
| 020 |
|
|
|z 0896039331
|
| 020 |
|
|
|z 9780896039339
|
| 035 |
|
|
|a (OCoLC)52434167
|z (OCoLC)193862413
|z (OCoLC)232304257
|z (OCoLC)320972110
|
| 037 |
|
|
|a 0896039331
|b Rittenhouse
|n http://www.r2library.com
|
| 040 |
|
|
|a N$T
|b eng
|e pn
|c N$T
|d YDXCP
|d OCLCQ
|d E7B
|d IDEBK
|d OCLCQ
|d TNF
|d FUH
|d RTH
|d OCLCQ
|d GW5XE
|d OCLCF
|d OCLCQ
|d UtOrBLW
|
| 049 |
|
|
|a TXAM
|
| 050 |
|
4 |
|a RC931.O73
|b O7754 2003eb
|
| 060 |
|
4 |
|a WE 250
|b O8515 2003
|
| 072 |
|
7 |
|a MED
|x 065000
|2 bisacsh
|
| 072 |
|
7 |
|a HEA
|x 039100
|2 bisacsh
|
| 072 |
|
7 |
|a MED
|x 083000
|2 bisacsh
|
| 082 |
0 |
4 |
|a 616.7/16
|2 21
|
| 245 |
0 |
0 |
|a Osteoporosis :
|b pathophysiology and clinical management /
|c edited by Eric S. Orwoll and Michael Bliziotes.
|
| 264 |
|
1 |
|a Totowa, N.J. :
|b Humana Press,
|c [2003]
|
| 264 |
|
4 |
|c ©2003
|
| 300 |
|
|
|a 1 online resource (xi, 614 pages) :
|b illustrations.
|
| 336 |
|
|
|a text
|b txt
|2 rdacontent
|
| 337 |
|
|
|a computer
|b c
|2 rdamedia
|
| 338 |
|
|
|a online resource
|b cr
|2 rdacarrier
|
| 490 |
1 |
|
|a Contemporary endocrinology
|
| 504 |
|
|
|a Includes bibliographical references and index.
|
| 588 |
0 |
|
|a Print version record.
|
| 505 |
0 |
|
|a Human and animal studies of the genetics of osteoporosis / Robert F. Klein and Tatiana Foroud -- The genetics of osteoporosis : progress in mice, not man / Ego Seeman -- Peak bone mass acquisition / Jean-Philippe Bonjour and René Rizzoli -- Peripheral bone mineral assessment of the axial skeleton : technical aspects / Thomas F. Lang and Jeffrey Duryea -- Use of bone densitometry in the clinical management of osteoporosis / John Shepherd, Chris Njeh, and Harry K. Genant -- Technical aspects of skeletal assessment using quantitative ultrasound / Mary L. Bouxsein -- Clinical aspects of skeletal assessment with ultrasound / Daniel T. Baran -- Molecular markers of bone turnover : basic and analytical aspects / Berthold Fohr, Henning W. Woitge, and Markus J. Seibel -- Bone turnover markers : their place in the investigation of osteoporosis / Richard Eastell and Penny R. Bainbridge -- Mechanical influences on bone mass and morphology : investigating how exercise may regulate adaptation in the skeleton / Stefan Judex and Clinton Rubin -- Exercise in the prevention of osteoporosis-related fractures / Christine M. Snow and Belinda R. Beck -- The physiology and cell biology of calcium transport in relation to the development of osteoporosis / Richard L. Prince and Paul Glendenning -- Calcium, bone, and life / Robert P. Heaney -- Clinical aspects of the use of vitamin D and its metabolites in osteoporosis / Ian R. Reid -- The basic biology of estrogen and bone / Russell T. Turner, et al. -- Clinical trials of estrogen and SERMs on bone markers, bone mineral density, and fractures / Lorraine A. Fitzpatrick -- Androgen action in bone : basic cellular and molecular aspects / Kristine M. Wiren -- Androgens and skeletal homeostasis : potential clinical implications of animal data / Dirk Vanderschueren, et al. -- Gonadal steroids and the skeleton in men : clinical aspects / Benjamin Z. Leder and Joel S. Finkelstein -- Basic aspects of calcitonin in skeletal health / Carlo Gennari -- Clinical utilization of salmon calcitonin in the treatment of osteoporosis : rationale, supportive data, and considerations for the future / Charles H. Chesnut, III, and Moïse Azria -- The mechanism of action of nitrogen-containing bisphosphonates / Alfred A. Reszka and Gideon A. Rodan -- Bisphosphonate treatment of osteoporosis / Nelson B. Watts -- Basic aspects of PTH in skeletal health / Janet M. Hock -- Parathyroid hormone as a therapy for osteoporosis / Mishaela R. Rubin and John P. Bilezikian -- The cellular and molecular aspects of immunosuppressant osteoporosis / Mone Zaidi, et al. -- Transplantation osteoporosis / Elizabeth Shane -- The molecular pharmacology of osteoporosis / Jameel Iqbal, et al.
|
| 520 |
|
|
|a With varying degrees of osteoporosis found in one of every four women older than 45 years of age and in nine out of ten women older than 75, as well as in men, osteoporosis is clearly a widespread disease with important health and economic impacts. It is also scientifically complex. In Osteoporosis: Pathophysiology and Clinical Management, leading clinicians and researchers join forces to illuminate in coupled chapters all the major scientific and clinical aspects of osteoporosis. By uniquely coupling basic and clinical chapters, the book illustrates the critical interdependence of investigators and practitioners. Traditional issues such as calcium supplementation and exercise are juxtaposed with state-of-the-art updates on molecular pharmacology and imaging. On the basic science side, topics range from the genetics of osteoporosis and bone turnover markers, to androgen action in bone, to the basic biology of estrogen and bone. On the clinical side the authors present the latest thinking about the use of bone densitometry in treatment, the use of vitamin D and its metabolites, and the clinical utilization of salmon calcitonin, as well as parathyroid and bisphosphonate therapies, SERMs, and other important treatments. Unique in its integration of basic science and clinical practice, Osteoporosis: Pathophysiology and Clinical Management reveals the great progress that has occurred in the field, providing basic scientists with a clear view of the clinical state-of-the-art, and practicing physicians with a deeper understanding of the complex biology involved.
|
| 500 |
|
|
|a Electronic resource.
|
| 650 |
|
0 |
|a Osteoporosis.
|
| 650 |
1 |
2 |
|a Osteoporosis
|x physiopathology.
|
| 650 |
1 |
2 |
|a Osteoporosis
|x therapy.
|
| 650 |
|
6 |
|a Ostéoporose.
|
| 650 |
|
7 |
|a MEDICAL
|x Orthopedics.
|2 bisacsh
|
| 650 |
|
7 |
|a HEALTH & FITNESS
|x Diseases
|x Musculoskeletal.
|2 bisacsh
|
| 650 |
|
7 |
|a MEDICAL
|x Rheumatology.
|2 bisacsh
|
| 650 |
|
7 |
|a Osteoporosis.
|2 fast
|0 (OCoLC)fst01048817
|
| 655 |
|
7 |
|a Electronic books.
|2 local
|
| 700 |
1 |
|
|a Orwoll, Eric S.
|
| 700 |
1 |
|
|a Bliziotes, Michael.
|
| 710 |
2 |
|
|a SpringerLink (Online service)
|
| 776 |
1 |
8 |
|i Print version:
|t Osteoporosis.
|d Totowa, N.J. : Humana Press, ©2003
|z 0896039331
|w (DLC) 2002017240
|w (OCoLC)48917920
|
| 830 |
|
0 |
|a Contemporary endocrinology (Totowa, N.J.)
|
| 856 |
4 |
0 |
|u http://proxy.library.tamu.edu/login?url=https://link.springer.com/10.1007/978-1-59259-278-4
|z Connect to the full text of this electronic book
|t 0
|
| 994 |
|
|
|a 92
|b TXA
|
| 999 |
|
|
|a MARS
|
| 999 |
f |
f |
|s bae932bb-3ba7-3231-b643-3224e28cc882
|i 9d14ec41-9bb7-3832-960a-916b7710cbb9
|t 0
|
| 952 |
f |
f |
|a Texas A&M University
|b College Station
|c Electronic Resources
|s www_evans
|d Available Online
|t 0
|e RC931.O73 O7754 2003eb
|h Library of Congress classification
|
| 998 |
f |
f |
|a RC931.O73 O7754 2003eb
|t 0
|l Available Online
|